000 00462nam a2200157 4500
001 132082
003 ES-MaACL
005 20230906194112.0
007 t|
008 070214s1923 sp r ||||1| spa d
100 1 _aRodríguez Sanjurjo, Primitivo.
_998808
245 1 0 _aEscenas de gigantomaquia /
_cPrimitivo R. Sanjurjo.
260 _aOrense :
_b[s. n.],
_c1923 (
_fImp. de `La Región`)
300 _aXII, 317 p. ;
_c16 x 11 cm.
852 _aES-MaACL
_jG-3565
999 _c132082
_d132082